[Event "2nd Irena Warakomska Memorial-A"]
[Site "Suwalki"]
[Date "2018.08.02"]
[Round "2"]
[White "Budrewicz, Krzysztof"]
[Black "Gleizerov, Evgeny"]
[Result "0-1"]
[WhiteElo "2203"]
[BlackElo "2507"]
[Annotator "TA"]
[PlyCount "134"]
[EventDate "2018.08.01"]
[EventType "swiss"]
[EventCountry "POL"]
[SourceTitle "playchess.com"]
[Source "ChessBase"]
[SourceQuality "1"]

{[%evp 23,134,-33,12,-26,11,0,16,5,14,0,0,0,0,0,0,0,18,-26,-23,-22,-33,-48,-30,-121,79,71,74,74,71,78,87,95,92,104,117,90,91,66,95,85,101,85,99,37,37,32,59,14,21,10,9,11,0,0,0,0,0,0,0,0,0,0,0,0,0,0,0,0,0,-77,-62,-621,-629,-633,-633,-627,-614,-602,-159,-556,-556,-5128,-5118,-1333,-843,-1040,-965,-901,-820,-781,-785,-747,-539,-1196,-923,-29963,-29961,-29961,-29963,-29962,-29959,-29956,-29956,-29951,-29952,-29952,-12850,-12707,-12798,-6968,-6243,-6031,-5097]} 1. d4 e6 2. c4 f5 3. g3 Nf6 4. Bg2 d5 5. Nf3 Bd6 6. Qc2 O-O 7. O-O c6 8. b3 Qe7 9. Nc3 {[%cal Bb1c3,Bc3a4,Ba4b2,Bb2d3][%mdl 32] A90: Dutch Defence: Miscellaneous and Modern Stonewall (with ...Bd6)} Ne4 10. Na4 (10. Ne5 Nd7 11. Nxe4 fxe4 12. Bf4 Nxe5 13. dxe5 Bc5 14. Rac1 b6 15. cxd5 cxd5 16. Qd2 h6 {1-0 (95) Onischuk,A (2662)-Radjabov,T (2738) Berlin 2015}) 10... b6 11. Nb2 Bb7 12. Nd3 Nd7 {LiveBook: 3 Games} 13. Bf4 c5 14. Bxd6 Qxd6 15. cxd5 exd5 16. Rfd1 $146 ({Predecessor:} 16. Qb2 Rfe8 {1-0 (43) Botsari,A (2314)-Iordanidou,Z (2152) Chania 2010}) 16... Rac8 17. dxc5 bxc5 18. Rac1 Qe7 19. e3 Ndf6 20. Qb2 c4 21. bxc4 dxc4 22. Nde5 Bd5 23. Qb5 {[#]} (23. Rd4 $11) 23... Qe6 $2 (23... Rc5 $1 $17 {[%cal Rc5b5] stays on course.} 24. Qa4 Qc7 25. Rxd5 Nxd5 26. Rxc4 Rxc4 27. Qxc4 Qxc4 28. Nxc4 Rb8) 24. Nd7 $1 $36 {[%cal Rd7f6][%mdl 2048] White is in control.} Qxd7 25. Qxd7 Nxd7 26. Rxd5 Nb6 27. Ra5 Rf7 28. Nd4 Nd6 29. Rc3 g6 30. Kf1 Kg7 31. Ke1 Kf6 32. h3 Ne4 33. Rc2 (33. Bxe4 $1 $16 fxe4 34. Kf1) 33... Nc5 $14 34. Bf1 (34. Nc6 {keeps more tension.} Nd3+ 35. Ke2 Rcc7 36. Bf3 Kg7 37. h4) 34... Ne6 35. Nxe6 (35. Nb5 {seems wilder.} Rc5 36. a4 Rb7 37. Bg2 Rd7 38. Ra6) 35... Kxe6 36. Kd2 Rd7+ 37. Kc1 c3 38. Ba6 Rcc7 39. Re2 Rd6 40. e4 fxe4 41. Rxe4+ Kf6 42. Ra3 Rd5 43. Be2 Re5 44. Rxe5 Kxe5 $11 {[%mdl 4096] Endgame KRB-KRN} 45. Kc2 Kd4 46. Rb3 (46. h4 $11 {keeps the balance.}) 46... Nd5 $17 {[#] And now ...a5 would win.} 47. f4 $2 {[%mdl 8192]} (47. Bf3 $15) 47... a5 $19 48. a3 Re7 49. Bf3 {intending Bxd5.} Ne3+ 50. Kc1 Kd3 $2 (50... Nf5 $19 {and Black stays clearly on top.} 51. Rb8 Re1+ 52. Bd1 Ne3 53. Rd8+ Ke4 54. Re8+ Kf5 55. Rf8+ Ke6 56. Re8+ Kf6 57. Rxe3 Rxe3) 51. Rb5 $2 (51. Rb7 $17 {nothing else works.} Rxb7 52. Bxb7) 51... Nf5 {( -> ...Re1+)} 52. Re5 Rxe5 53. fxe5 {KB-KN} Nd4 54. Bd1 Ke4 55. e6 Nxe6 56. Kc2 Kd4 57. h4 Nc7 58. h5 Nd5 {Threatens to win with ...Ne3+.} 59. hxg6 hxg6 60. Kc1 Ne3 61. Ba4 Nc4 62. Be8 g5 63. a4 Ne3 64. Bd7 Kc4 (64... Kc5 $142 65. Bb5 Kb4 66. Kb1 Nf5 67. g4 Nd4 68. Be8 Kb3 69. Bf7+ Kxa4 70. Bg8 Kb4 71. Kc1 Kc5 72. Bf7 a4 73. Be8 Kc4 74. Bf7+ Kd3 75. Bg6+ Ke3 76. Be8 a3 77. Bf7 Kf4 78. Bd5 Kxg4 79. Bc4 Kf4 80. Kb1 g4 81. Ka2 c2 82. Kxa3 c1=Q+ 83. Kb4 g3 84. Bd5 Qb1+ 85. Kc5 Ke5 86. Bc4 g2 87. Bd3 g1=Q 88. Bc4 Qb7 89. Bd3 Nf5+ 90. Kc4 Qd4#) 65. Be6+ {Black is clearly winning.} Kb4 66. Bd7 Nc4 67. Kc2 Nb6 {Precision: White = 40%, Black = 68%.} 0-1

[Event "2nd Irena Warakomska Memorial-A"]
[Site "Suwalki"]
[Date "2018.08.02"]
[Round "2"]
[White "Dzhuguryan, Tygran"]
[Black "Koziak, Vitali"]
[Result "1/2-1/2"]
[WhiteElo "2179"]
[BlackElo "2476"]
[Annotator "TA"]
[PlyCount "82"]
[EventDate "2018.08.01"]
[EventType "swiss"]
[EventCountry "POL"]
[SourceTitle "playchess.com"]
[Source "ChessBase"]
[SourceQuality "1"]

{[%evp 17,82,71,93,60,49,49,53,52,60,57,68,78,93,73,110,104,111,64,58,58,72,80,75,54,86,38,29,37,75,59,76,54,57,45,91,32,35,25,29,23,30,22,29,15,15,15,16,15,9,8,16,4,4,4,15,15,50,50,52,47,47,47,47,47,54,47,54]} 1. d4 d5 2. c4 e6 3. cxd5 exd5 4. Nc3 c6 5. Bf4 Qb6 6. Qd2 {D31: Queen's Gambit Declined: Semi-Slav without ...Nf6 (+ Marshall Gambit and Noteboom) and Exchange Variation lines without ...Nf6} Nf6 7. f3 (7. e3 Bf5 8. f3 h5 9. Nge2 Nbd7 10. Ng3 Bg6 11. h4 Be7 12. Bd3 Bxd3 13. Qxd3 g6 {0-1 (27) Machelett,H (2407)-Dziuba,M (2558) Germany 2015}) 7... Bf5 8. g4 Be6 9. e3 Nbd7 {LiveBook: 5 Games} 10. Rc1 Be7 11. Bd3 O-O $146 ({Predecessor:} 11... Nf8 12. Nge2 Qd8 13. Bg3 Bd6 {0-1 (25) Schmitt,F (2149)-David,V (2333) Condom 2003}) 12. Nge2 Rfc8 13. Kf2 Qd8 14. Kg2 c5 15. Bb1 Nf8 16. dxc5 Rxc5 17. Na4 Rxc1 18. Rxc1 Rc8 19. Rxc8 Qxc8 20. Qc2 (20. Nac3 {is more complex.} Qc5 21. Bg3 N6d7 22. Nd4 Nb6 23. b3) 20... Qc4 21. b3 Qxc2 22. Bxc2 N8d7 23. Nd4 a6 24. Nb2 g6 25. Nd3 Kf8 26. Ne5 ({White should try} 26. Bh6+ $16 Ke8 27. b4) 26... Ke8 27. Kf1 Nxe5 28. Bxe5 Nd7 29. Bc7 Nc5 30. b4 Nd7 31. a3 Bf6 32. Ke2 Ne5 33. g5 Bg7 34. Bxe5 (34. h4 {keeps more tension.} Nc4 35. a4 Bf8 36. b5 axb5 37. Nxb5 Bc5 38. Nd4) 34... Bxe5 35. f4 Bxd4 36. exd4 $11 {[%mdl 4096] Endgame KB-KB} f5 37. a4 {White is slightly better.} b5 38. axb5 axb5 39. Bd3 Bd7 40. h4 Ke7 41. Kf3 Kd6 {Precision: White = 30%, Black = 53%.} 1/2-1/2

[Event "2nd Irena Warakomska Memorial-A"]
[Site "Suwalki"]
[Date "2018.08.02"]
[Round "2"]
[White "Paprocki, Jaroslaw"]
[Black "Kashlinskaya, Alina"]
[Result "1/2-1/2"]
[WhiteElo "2177"]
[BlackElo "2440"]
[Annotator "TA"]
[PlyCount "79"]
[EventDate "2018.08.01"]
[EventType "swiss"]
[EventCountry "POL"]
[SourceTitle "playchess.com"]
[Source "ChessBase"]
[SourceQuality "1"]

{[%evp 13,79,12,12,13,17,3,3,0,0,0,3,0,7,2,3,10,28,25,49,27,30,25,30,18,21,18,17,0,15,14,16,3,28,26,47,0,3,8,10,-41,-35,-69,-12,-19,-39,-43,0,0,0,0,0,0,0,0,40,0,0,0,0,0,0,0,0,0,0,0,6,6]} 1. b3 d5 2. Bb2 Bg4 3. g3 Nd7 4. Bg2 c6 5. Nf3 Ngf6 6. d3 Bxf3 7. Bxf3 {A07: Réti Opening: New York and Capablanca Systems} e5 {LiveBook: 16 Games} (7... e6 8. Nd2 Bd6 9. Bg2 Qe7 10. a3 O-O 11. O-O Be5 12. d4 Bc7 13. c4 Rad8 14. Qc2 Rfe8 {0-1 (45) David,A (2586)-Postny,E (2627) Nancy 2013}) 8. e3 Qa5+ $146 ({Predecessor:} 8... Bb4+ 9. Nd2 O-O 10. a3 Bd6 11. O-O Qe7 12. c4 Qe6 13. e4 {½-½ (37) Ahlich,T (1865)-Kirchner,N (2042) Mittelfranken 2009}) 9. Nd2 Ba3 10. Qc1 Bxb2 11. Qxb2 O-O 12. b4 Qb6 13. O-O a5 14. a3 Rfe8 15. Rfb1 e4 16. Bg2 {[%cal Bf3g2,Bg2f1,Bf1d3][%mdl 32]} exd3 17. cxd3 axb4 18. Qxb4 Qa6 19. d4 b6 20. Bf1 Qa7 21. Qc3 Qc7 22. Rc1 Re6 23. a4 h5 24. Bd3 g6 25. a5 bxa5 26. Nb3 ({White should try} 26. Ra2 $11) 26... a4 27. Qb4 Qa7 (27... h4 $15 28. Re1 Qa7 29. gxh4 Ree8) 28. Nc5 $11 Nxc5 29. Rxc5 Nd7 30. Rc2 Kg7 31. Rca2 {[%cal Ra2a4]} c5 32. dxc5 Nxc5 33. Qd4+ Kg8 (33... Rf6 {is interesting.} 34. Qxd5 Nxd3 35. Qxd3 Ra6 36. Ra3 Kg8) 34. Qxd5 (34. Rc1 {looks sharper.} Nd7 35. Rc8+ Nf8 36. Rxa8 Qxa8 37. Rxa4 Qd8 38. Qa1) 34... Nxd3 {The position is equal.} 35. Rxa4 Qxa4 36. Rxa4 Rxa4 37. Qxd3 $14 {KQ-KRR} Ra1+ 38. Kg2 Ra2 39. Qd4 Raa6 40. h3 {Precision: White = 57%, Black = 48%.} 1/2-1/2

[Event "2nd Irena Warakomska Memorial-A"]
[Site "Suwalki"]
[Date "2018.08.02"]
[Round "2"]
[White "Zielinski, Wojciech"]
[Black "Gumularz, Szymon"]
[Result "1/2-1/2"]
[WhiteElo "2157"]
[BlackElo "2458"]
[Annotator "TA"]
[PlyCount "172"]
[EventDate "2018.08.01"]
[EventType "swiss"]
[EventCountry "POL"]
[SourceTitle "playchess.com"]
[Source "ChessBase"]
[SourceQuality "1"]

{[%evp 13,172,0,1,0,0,0,4,8,8,-10,-10,-18,0,-11,-15,-11,0,-9,-5,-23,-11,-28,-28,-22,-30,-20,-20,-31,-8,-16,0,-11,-7,-41,0,-43,-12,-18,-25,-32,-28,-32,-33,-21,-25,-35,-34,-58,-63,-78,-60,-78,-79,-78,-87,-92,-88,-115,-79,-79,-74,-88,-88,-88,-88,-95,-8,-8,-8,-8,-8,-8,-8,-8,-8,-8,-8,-8,-8,-8,-8,-8,-8,-74,-74,-74,-74,-74,-74,-74,-74,-74,-74,-74,-74,-74,-74,-74,-74,-74,-74,-74,-74,-74,-74,-74,-74,-74,-74,-74,0,-8,0,-74,-74,-74,-19,-74,-74,-74,-74,-74,-74,-74,-74,-74,-74,-74,0,-74,-74,-74,-74,-74,-74,-74,-74,-74,-8,-12,-12,-77,-8,-8,-8,-8,-8,-8,-8,-39,-48,-56,-8,-8,-8,-12,-8,-8,-8,-8,-8]} 1. b3 d5 2. Nf3 Bf5 3. Bb2 e6 4. e3 Nf6 5. Be2 h6 6. c4 Nbd7 7. O-O Bd6 {LiveBook: 15 Partien. A06: Zukertort-Eröffnung} (7... c6 8. Nc3 Bd6 9. Rc1 a6 10. d3 O-O 11. Qd2 Qe7 12. Rfd1 Bh7 13. Qc2 e5 14. cxd5 cxd5 15. Qb1 {1-0 (49) Pridorozhni,A (2579)-Riazantsev,A (2651) Sochi 2016}) 8. Qc1 c6 9. Ba3 Qe7 10. Bxd6 Qxd6 11. Qa3 $146 (11. d4 {seems wilder.} O-O 12. Qb2 Rfe8 13. Nbd2 a5 14. Rac1) ({Vorgänger:} 11. Qb2 O-O 12. Rc1 Rfe8 13. cxd5 exd5 14. d3 a5 15. Nbd2 {1-0 (26) Kovacs,G (2463)-Terbe,J (2263) Hungary 2018}) 11... Qxa3 12. Nxa3 a5 13. Rac1 Ke7 14. d4 Ne4 15. Nb1 g5 16. Rfd1 h5 17. Nc3 Nxc3 18. Rxc3 Bg4 19. Kf1 Bxf3 20. Bxf3 g4 21. Be2 Nf6 22. Bd3 h4 23. a3 Kd6 24. Re1 Rh5 25. e4 dxe4 26. Bxe4 Rd8 27. Bc2 Ke7 28. Rd1 b5 29. cxb5 cxb5 30. b4 axb4 31. axb4 Rhd5 32. Rc5 Rxd4 33. Rxd4 Rxd4 34. Rxb5 $17 {[%mdl 4096] Endspiel KTL-KTS} Nd5 35. Bb3 Rxb4 (35... Nxb4 {is more complex.} 36. Ke2 Kf6 37. Ra5 Nd5 38. Bxd5 Rxd5 39. Ra4 Kg5) 36. Rxb4 Nxb4 {KL-KS} 37. Bd1 f5 38. g3 h3 39. f3 gxf3 (39... Nd5 $17 {Weiss muss nun ...Se3+ beachten.} 40. Kf2 Nf6) 40. Bxf3 $11 Kf6 41. Be2 Nd5 42. Kf2 Nc3 43. Bf1 Ne4+ 44. Ke3 Ng5 45. Kf4 e5+ 46. Ke3 Ke6 47. Bc4+ Kd6 48. Bd3 (48. Ba6 $11) 48... e4 $1 $17 {[%cal Re4d3]} 49. Bf1 Ke5 50. Be2 Nf7 51. Bf1 Nh6 $1 52. Bxh3 Ng4+ 53. Ke2 Nxh2 54. Ke3 Ng4+ 55. Ke2 Nf6 56. Kf2 Nh5 57. Bf1 Kd4 58. Be2 Nf6 59. Ba6 Kc3 {Und weiter mit ...Kd2 wäre nett.} 60. Ke3 Nd5+ 61. Ke2 Nb6 (61... Kd4 $17) 62. Ke3 $1 $11 Nd5+ (62... Nc4+ $11 63. Bxc4 Kxc4) 63. Ke2 $1 $17 Kd4 64. Bc8 Nc3+ (64... Ke5 $17) 65. Ke1 (65. Kd2 $1 $11 {hält das Gleichgewicht.}) 65... Ke5 $1 66. Kd2 Nd5 67. Ke2 Ne7 68. Bd7 Ng8 69. Ke3 Nf6 70. Bc8 Nd5+ 71. Ke2 Nc7 72. Ke3 Ne8 73. Ke2 Nd6 74. Bd7 Kf6 75. Ke3 {[#]} Kg5 ({Lieber} 75... Nc4+ $1 $17 76. Kf2 Nb6) 76. Be6 Kg4 77. Bd7 (77. Kf2 $1 $11) 77... Nf7 ({Doch nicht} 77... Kxg3 {[#]} 78. Bxf5 $1 {[%mdl 512]} Nxf5+ 79. Kxe4 $11) (77... Nc4+ $17 78. Kf2 Kg5) 78. Be6 Ng5 79. Bc8 Nh7 80. Bd7 Nf6 81. Bc8 Nd5+ 82. Kf2 e3+ 83. Ke2 {Die Stellung ist ausgeglichen.} Ne7 84. Bb7 Kxg3 {...f4 ist eine echte Drohung.} 85. Kxe3 f4+ 86. Ke2 Nf5 {Precision: Weiß = 53%, Schwarz = 65%.} 1/2-1/2

[Event "2nd Irena Warakomska Memorial-A"]
[Site "Suwalki"]
[Date "2018.08.02"]
[Round "2"]
[White "Zgadzaj, Rafal"]
[Black "Kowalski, Igor"]
[Result "0-1"]
[WhiteElo "2154"]
[BlackElo "2294"]
[Annotator "NA"]
[PlyCount "98"]
[EventDate "2018.08.01"]
[EventType "swiss"]
[EventCountry "POL"]
[SourceTitle "playchess.com"]
[Source "ChessBase"]
[SourceQuality "1"]
[TimeControl "40/5400+30:1800+30"]

1. d4 {[%emt 0:00:00]} e6 {[%emt 0:00:00]} 2. g3 {[%emt 0:00:58]} Nf6 {[%emt 0:00:00]} 3. Bg2 {[%emt 0:00:03]} d5 {[%emt 0:00:00]} 4. Nf3 {[%emt 0:01:33]} Be7 {[%emt 0:00:34]} 5. O-O {[%emt 0:00:54]} O-O {[%emt 0:00:00]} 6. c4 {[%emt 0:00:12]} dxc4 {[%emt 0:00:00] LiveBook: 7787 Games} 7. Na3 {[%emt 0:01:09]} Bxa3 {[%emt 0:03:53]} 8. bxa3 {[%emt 0:00:01]} Nbd7 {[%emt 0:01:10] E05: Open Catalan: 5 Nf3 Be7} 9. Qc2 {[%emt 0:03:02]} (9. a4 a5 10. Ba3 Re8 11. Rc1 Nb6 12. Ne5 Nfd5 13. e4 Nb4 14. Qh5 Qe7 15. Nxc4 Nxc4 16. Rxc4 {1-0 (28) Jones,G (2671)-Friedel,J (2524) Reykjavik 2017}) 9... Nb6 {[%emt 0:00:26]} 10. Rd1 $146 {[%emt 0:00:27]} ({Predecessor:} 10. e4 Bd7 11. e5 Nfd5 12. Ng5 g6 13. Ne4 Bc6 14. Bg5 Qc8 15. Qd2 c3 16. Nxc3 Nxc3 17. Bxc6 bxc6 18. Qxc3 {½-½ (75) Gabrielian,A (2557)-Batchuluun,T (2523) St Petersburg 2014}) 10... Bd7 {[%emt 0:00:06]} 11. Re1 {[%emt 0:05:02]} Ba4 {[%emt 0:00:32]} 12. Qb2 {[%emt 0:01:02]} Bc6 {[%emt 0:01:37]} 13. Bg5 {[%emt 0:14:03]} Be4 {[%emt 0:08:10]} 14. Rac1 {[%emt 0:22:43]} Qd5 {[%emt 0:03:29]} 15. Bxf6 {[%emt 0:00:48]} gxf6 {[%emt 0:00:05]} 16. Red1 {[%emt 0:06:22]} Na4 {[%emt 0:02:23]} 17. Qb4 {[%emt 0:06:14]} b5 {[%emt 0:01:04]} 18. Ne1 {[%emt 0:00:22]} Bxg2 {[%emt 0:06:33]} 19. Nxg2 {[%emt 0:00:02]} a5 {[%emt 0:01:58]} 20. Qe7 {[%emt 0:01:08]} Qd8 {[%emt 0:00:20]} 21. Qxd8 {[%emt 0:00:26]} Rfxd8 {[%emt 0:00:05]} 22. Nf4 {[%emt 0:00:44]} b4 {[%emt 0:00:54]} 23. e3 {[%emt 0:05:03]} Nb2 {[%emt 0:05:53]} 24. Rf1 {[%emt 0:03:55]} e5 {[%emt 0:03:56]} 25. Rc2 {[%emt 0:01:50]} c3 {[%emt 0:00:57]} 26. Ne2 {[%emt 0:00:37]} Ra6 {[%emt 0:14:47]} 27. Rfc1 {[%emt 0:05:36]} Nc4 {[%emt 0:05:04]} 28. Nxc3 {[%emt 0:00:17]} bxc3 {[%emt 0:00:57]} 29. Rxc3 {[%emt 0:00:02]} Nd2 {[%emt 0:00:45]} 30. dxe5 {[%emt 0:03:27]} fxe5 {[%emt 0:00:08]} 31. Rxc7 {[%emt 0:00:18]} Rd3 {[%emt 0:05:31]} 32. Kg2 {[%emt 0:08:04]} Rxa3 {[%emt 0:02:05]} 33. R1c2 {[%emt 0:00:42]} Ne4 {[%emt 0:07:32]} 34. Kf3 {[%emt 0:00:53]} Ra4 {[%emt 0:00:42]} 35. h4 {[%emt 0:05:08]} Rd6 {[%emt 0:03:42]} 36. Re7 {[%emt 0:02:01]} Rd2 {[%emt 0:00:17]} 37. Rec7 {[%emt 0:00:56]} Kg7 {[%emt 0:01:57]} 38. g4 {[%emt 0:00:37]} h6 {[%emt 0:02:54]} 39. R7c4 {[%emt 0:00:14]} Rxc4 {[%emt 0:00:12]} 40. Rxc4 {[%emt 0:00:00]} Nxf2 {[%emt 0:00:00]} 41. Ra4 $19 {[%emt 0:00:55]} e4+ {[%emt 0:12:43]} 42. Kg3 {[%emt 0:05:29]} Re2 {[%emt 0:08:16]} 43. Rxa5 {[%emt 0:03:38]} Nd3 {[%emt 0:00:47]} 44. a4 {[%emt 0:03:04]} Rxe3+ {[%emt 0:00:04]} 45. Kg2 {[%emt 0:00:19]} Nf4+ {[%emt 0:00:10]} 46. Kf2 {[%emt 0:00:27]} Rf3+ {[%emt 0:00:04]} 47. Ke1 {[%emt 0:00:33]} e3 {[%emt 0:00:05]} 48. Rf5 {[%emt 0:01:31]} e2 {[%emt 0:00:05]} 49. Kd2 {[%emt 0:00:13]} Rd3+ {[%emt 0:00:09]} 0-1

[Event "2nd Irena Warakomska Memorial-A"]
[Site "Suwalki"]
[Date "2018.08.02"]
[Round "2"]
[White "Praczukowski, Stanislaw"]
[Black "Kyc, Jerzy"]
[Result "1/2-1/2"]
[WhiteElo "2136"]
[BlackElo "2283"]
[Annotator "ChessBase"]
[PlyCount "83"]
[EventDate "2018.08.01"]
[EventType "swiss"]
[EventCountry "POL"]
[SourceTitle "playchess.com"]
[Source "ChessBase"]
[SourceQuality "1"]
[TimeControl "40/5400+30:1800+30"]

1. d4 {[%emt 0:00:00]} Nf6 {[%emt 0:00:00]} 2. c4 {[%emt 0:00:00]} g6 {[%emt 0:00:00]} 3. Nc3 {[%emt 0:00:00]} d5 {[%emt 0:00:00]} 4. Bf4 {[%emt 0:00:23]} Bg7 {[%emt 0:00:04]} 5. e3 {[%emt 0:00:24]} O-O {[%emt 0:02:43]} 6. Rc1 {[%emt 0:00:17]} c5 {[%emt 0:10:27]} 7. dxc5 {[%emt 0:01:07]} Be6 {[%emt 0:10:25]} 8. Nf3 {[%emt 0:01:18]} dxc4 {[%emt 0:00:36]} 9. Qxd8 {[%emt 0:00:39]} Rxd8 {[%emt 0:00:04]} 10. Ng5 {[%emt 0:01:16]} Bd5 {[%emt 0:00:35]} 11. e4 {[%emt 0:05:10]} Bc6 {[%emt 0:04:25]} 12. Bxc4 {[%emt 0:03:17]} e6 {[%emt 0:02:08]} 13. f3 {[%emt 0:02:41]} h6 {[%emt 0:00:32]} 14. Nh3 {[%emt 0:00:37]} Nh5 {[%emt 0:14:03]} 15. Be3 {[%emt 0:02:42]} Nd7 {[%emt 0:00:37]} 16. Nf2 {[%emt 0:05:03]} Ne5 {[%emt 0:15:28]} 17. Be2 {[%emt 0:04:08]} g5 {[%emt 0:02:02]} 18. g3 {[%emt 0:05:04]} Ng6 {[%emt 0:07:15]} 19. Nd3 {[%emt 0:17:08]} a5 {[%emt 0:02:16]} 20. O-O {[%emt 0:05:32]} f5 {[%emt 0:04:49]} 21. Rfd1 {[%emt 0:08:20]} Bxc3 {[%emt 0:03:47]} 22. Rxc3 {[%emt 0:01:20]} fxe4 {[%emt 0:00:21]} 23. fxe4 {[%emt 0:02:05]} Nf6 {[%emt 0:01:27]} 24. Nf2 {[%emt 0:01:54]} Nxe4 {[%emt 0:00:16]} 25. Rxd8+ {[%emt 0:05:58]} Rxd8 {[%emt 0:00:27]} 26. Nxe4 {[%emt 0:00:07]} Bxe4 {[%emt 0:00:06]} 27. Ra3 {[%emt 0:00:37]} Ne5 {[%emt 0:08:45]} 28. Rxa5 {[%emt 0:05:58]} Nf3+ {[%emt 0:01:55]} 29. Bxf3 {[%emt 0:05:38]} Bxf3 {[%emt 0:00:01]} 30. h4 {[%emt 0:00:39]} gxh4 {[%emt 0:01:16]} 31. gxh4 {[%emt 0:00:07]} Kg7 {[%emt 0:00:55]} 32. Ra3 {[%emt 0:01:06]} Rd1+ {[%emt 0:00:15]} 33. Kf2 {[%emt 0:00:08]} Bd5 {[%emt 0:00:13]} 34. Bf4 {[%emt 0:02:07]} Kg6 {[%emt 0:01:35]} 35. Rg3+ {[%emt 0:03:53]} Kh5 {[%emt 0:00:03]} 36. a3 {[%emt 0:01:21]} Rb1 {[%emt 0:00:36]} 37. Be5 {[%emt 0:06:21]} Kxh4 {[%emt 0:00:10]} 38. Bg7 {[%emt 0:00:35]} Rc1 {[%emt 0:00:48]} 39. Rg6 {[%emt 0:00:37]} Rxc5 {[%emt 0:00:46]} 40. Rxh6+ {[%emt 0:00:00]} Kg5 {[%emt 0:00:00]} 41. Rh8 {[%emt 0:03:00]} Kf4 {[%emt 0:00:38]} 42. Rh4+ {[%emt 0:00:22]} 1/2-1/2

[Event "2nd Irena Warakomska Memorial-A"]
[Site "Suwalki"]
[Date "2018.08.02"]
[Round "2"]
[White "Kuchava, Ana"]
[Black "Bykovskiy, Oleg"]
[Result "0-1"]
[WhiteElo "2124"]
[BlackElo "2263"]
[Annotator "NA"]
[PlyCount "82"]
[EventDate "2018.08.01"]
[EventType "swiss"]
[EventCountry "POL"]
[SourceTitle "playchess.com"]
[Source "ChessBase"]
[SourceQuality "1"]
[TimeControl "40/5400+30:1800+30"]

1. d4 {[%emt 0:00:00]} Nf6 {[%emt 0:00:00]} 2. Nf3 {[%emt 0:00:00]} e6 {[%emt 0:00:00]} 3. e3 {[%emt 0:01:08]} b6 {[%emt 0:00:02]} 4. Bd3 {[%emt 0:00:19]} Bb7 {[%emt 0:00:07]} 5. O-O {[%emt 0:01:05]} Be7 {[%emt 0:00:06]} 6. b3 {[%emt 0:03:51]} d5 {[%emt 0:01:58]} 7. Bb2 {[%emt 0:00:10]} Nbd7 {[%emt 0:00:07]} 8. c4 {[%emt 0:00:22]} dxc4 {[%emt 0:00:31]} 9. bxc4 {[%emt 0:05:01]} O-O {[%emt 0:05:16]} 10. Nbd2 {[%emt 0:01:28]} c5 {[%emt 0:02:42]} 11. Qe2 {[%emt 0:07:22]} Rc8 {[%emt 0:01:04]} 12. Nb3 {[%emt 0:02:08]} Qc7 {[%emt 0:00:44]} 13. Rac1 {[%emt 0:03:33]} Ng4 {[%emt 0:07:04]} 14. Ne5 {[%emt 0:15:03]} Ndxe5 {[%emt 0:05:13]} 15. dxe5 {[%emt 0:00:14]} f5 {[%emt 0:00:06]} 16. f4 {[%emt 0:01:12]} Qc6 {[%emt 0:00:37]} 17. Rc2 {[%emt 0:09:54]} Rcd8 {[%emt 0:09:05]} 18. Nc1 {[%emt 0:05:22]} Qa4 {[%emt 0:01:04]} 19. h3 {[%emt 0:00:56]} Nxe3 {[%emt 0:00:34]} 20. Qxe3 {[%emt 0:00:58]} Rxd3 {[%emt 0:00:15]} 21. Qxd3 {[%emt 0:07:31]} Be4 {[%emt 0:01:02]} 22. Qb3 {[%emt 0:03:47]} Bxc2 {[%emt 0:00:13]} 23. Qxa4 {[%emt 0:00:05]} Bxa4 {[%emt 0:00:05]} 24. Ne2 {[%emt 0:01:04]} Rd8 {[%emt 0:00:40]} 25. Nc3 {[%emt 0:00:13]} Bc6 {[%emt 0:00:08]} 26. Rd1 {[%emt 0:01:55]} Rd4 {[%emt 0:02:24]} 27. Rxd4 {[%emt 0:02:25]} cxd4 {[%emt 0:00:06]} 28. Nb5 {[%emt 0:06:59]} d3 {[%emt 0:00:06]} 29. Kf1 {[%emt 0:01:52]} Bb4 {[%emt 0:00:42]} 30. Nc3 {[%emt 0:05:29]} d2 {[%emt 0:02:03]} 31. Nd1 {[%emt 0:06:46]} Be4 {[%emt 0:00:35]} 32. Kf2 {[%emt 0:02:18]} Bc5+ {[%emt 0:01:36]} 33. Ke2 {[%emt 0:00:17]} Bxg2 {[%emt 0:00:04]} 34. h4 {[%emt 0:03:33]} h6 {[%emt 0:00:07]} 35. Kxd2 {[%emt 0:00:37]} Be7 {[%emt 0:00:06]} 36. Ke3 {[%emt 0:02:27]} Bxh4 {[%emt 0:00:15]} 37. Ba3 {[%emt 0:00:07]} Bf1 {[%emt 0:00:44]} 38. Nb2 {[%emt 0:00:26]} g5 {[%emt 0:01:08]} 39. Bd6 {[%emt 0:00:21]} g4 {[%emt 0:00:49]} 40. c5 {[%emt 0:00:00]} g3 {[%emt 0:00:00]} 41. c6 {[%emt 0:01:25]} g2 {[%emt 0:00:20]} 0-1